ბათუმის შოთა რუსთაველის სახელმწიფო უნივერსიტეტის ბიბლიოთეკა

სასოფლო სამეურნეო კულტურების მორფოლოგია და ანატომია / (ბიბ.ჩანაწერი № 59323)

000 -ლიდერი
ფიქსირებული სიგრძის საკონტროლო ველი 01380nam a22002417a 4500
003 - საკონტროლო ნომრის იდენტიფიკატორი
საკონტროლო ველი Ge_BSU
005 - ბოლო ოპერაციის თარიღი და დრო
საკონტროლო ველი 20230123102843.0
008 - ფიქსირებული სიგრძის მონაცემთა ელემენტები - ზოგადი ინფორმაცია
ფიქსირებული სიგრძის საკონტროლო ველი 230123s2019 ge ||||| |||| 00| 0 geo d
020 ## - წიგნის საერთაშორისო სტანდარტული ნომერი
International Standard Book Number 9789941484605
041 ## - ენის კოდი
Language code of text/sound track or separate title geo
080 ## - უნივერსალური ათობითი კლასიფიკაციის ინდექსი
Universal Decimal Classification number 633/635:581.4 ყ-56
100 ## - მთავარი ჩანაწერი - პიროვნების სახელი
Personal name ყიფიანი, ნინო
9 (RLIN) 16738
245 ## - ცნობა სათაურის შესახებ
Title სასოფლო სამეურნეო კულტურების მორფოლოგია და ანატომია /
Statement of responsibility, etc ნინო ყიფიანი; რედ. ვახტანგ ქობალია; აკაკი წერეთლის სახელმწიფო უნივერსიტეტი.
264 ## - წარმოების, გამოცემის, დისტრიბუციის და სხვა ცნობები
გამოცემის, წარმოების, დისტრიბუციის... ადგილი ქუთაისი,
გამოცემის, წარმოების, დისტრიბუციის... სახელწოდება აწსუ,
გამოცემის, წარმოების, დისტრიბუციის... თარიღი 2019.
300 ## - ფიზიკური აღწერა
Extent 228 გვ.:
Other physical details ილ.;
Dimensions 21 სმ.
504 ## - BIBLIOGRAPHY, ETC. NOTE
Bibliography, etc ბიბლიოგრ. გვ. 225-226
653 ## - INDEX TERM--UNCONTROLLED
Uncontrolled term სასოფლო სამეურნეო კულტურების მორფოლოგია
653 ## - INDEX TERM--UNCONTROLLED
Uncontrolled term სასოფლო სამეურნეო კულტურების ანატომია
653 ## - INDEX TERM--UNCONTROLLED
Uncontrolled term ბიოლოგია
700 ## - ADDED ENTRY--PERSONAL NAME
Personal name ქობალია, ვახტანგ
Relator term რედაქტორი
9 (RLIN) 2530
710 ## - ADDED ENTRY--CORPORATE NAME
Corporate name or jurisdiction name as entry element აკაკი წერეთლის სახელმწიფო უნივერსიტეტი
9 (RLIN) 16739
942 ## - ADDED ENTRY ELEMENTS (KOHA)
Source of classification or shelving scheme
Koha item type წიგნი
ეგზემპლარები
ჩამოწერის სტატუსი დაკარგული ეგზემპლარის სტატუსი კლასიფიკაციის წყარო ან თაროზე გაწყობის სქემა დაზიანების სტატუსი არ გაიცემა მუდმივი მდებარეობა (დაცვის ადგილი) ამჟამინდელი ადგილსამყოფელი თაროზე განთავსების ადგილი შეძენის თარიღი ღირებულება, შესყიდვის ნორმალური ფასი სრული შენახვის შიფრი შტრიხკოდი ბოლო ოპერაციის თარიღი ეგზემპლარის მიმდევრობითი ნომერი (კეტერი?) ფასის ძალაში შესვლის თარიღი ეგზემპლარის სახეობა საჯარო შენიშვნა
          აგრარული და მემბრანული ტექნოლოგიების ინსტიტუტის ბიბლიოთეკა აგრარული და მემბრანული ტექნოლოგიების ინსტიტუტის ბიბლიოთეკა წიგნსაცავი 2023-01-23 9.00 633/635:581.4 ყ-56 63464 2023-01-23 63464 2023-01-23 წიგნი 9 ლ.